<?xml version="1.0" encoding="UTF-8"?>
<marc:record xmlns:marc="http://www.loc.gov/MARC21/slim">
   <marc:leader>00000nam a2200000 a 4500</marc:leader>
   <marc:datafield ind1=" " ind2=" " tag="653">
      <marc:subfield code="a">Fantasy</marc:subfield>
   </marc:datafield>
   <marc:datafield ind1=" " ind2=" " tag="653">
      <marc:subfield code="a">DVD-Video</marc:subfield>
   </marc:datafield>
   <marc:datafield ind1=" " ind2=" " tag="653">
      <marc:subfield code="a">Literaturverfilmungen (Spielfilme auf DVD)</marc:subfield>
   </marc:datafield>
   <marc:datafield ind1=" " ind2=" " tag="653">
      <marc:subfield code="a">TV-Serie</marc:subfield>
   </marc:datafield>
   <marc:datafield ind1=" " ind2=" " tag="653">
      <marc:subfield code="a">Fernseh-Serie</marc:subfield>
   </marc:datafield>
   <marc:datafield ind1="0" ind2="0" tag="245">
      <marc:subfield code="a">Game of Thrones. Die komplette erste Staffel</marc:subfield>
   </marc:datafield>
   <marc:datafield ind1=" " ind2="1" tag="264">
      <marc:subfield code="b">HBO</marc:subfield>
      <marc:subfield code="c">2012</marc:subfield>
   </marc:datafield>
   <marc:datafield ind1="1" ind2=" " tag="520">
      <marc:subfield code="a">Darsteller: Sean Bean, Mark Addy, Nikolaj Coster-Waldau, Lena Headey, Peter Dinklage
Regisseur(e): Timothy Van Patten, Brian Kirk, Daniel Minahan, Alan Taylor. Nach den Romanen "Das Lied von Feuer und Eis"  von George R. R. Martin
Komponist: Ramin Djawadi
Im Spiel um den Thron gibt es nur zwei Möglichkeiten: Gewinn oder stirb
nach den Romanen von George R. R. Martin
Die Sommer dauern mehrere Dekaden und die Winter können ein Leben lang anhalten in der fantastischen Welt der neuen herausragenden HBO®-Serie basierend auf der erfolgreichen Fantasy-Buchreihe Das Lied von Eis und Feuer von George R.R. Martin. Vom ränkevollen Süden bis hin zu den wilden Ostländern, im eisigen Norden und an der uralten Mauer, die das Land von der Dunkelheit trennt, kämpfen die machtvollen Familien der sieben Königreiche verbissen um den Eisernen Thron. Es ist ein hintergründiges und betrügerisches Spiel um Einfluss und Ehre, Unterwerfung und Triumph. Im Game of Thrones, dem Spiel um den Thron, gibt es nur zwei Möglichkeiten: Gewinn oder stirb.

Specials

Gesamtführer durch Westeros
Making-of Game of Thrones
Die Entstehung der Eröffnungssequenz
Vom Buch auf den Bildschirm
Charakterprofile
Die Nachtwache
Die Entstehung der Dothraki-Sprache
Audiokommentare</marc:subfield>
   </marc:datafield>
   <marc:datafield ind1="3" ind2=" " tag="024">
      <marc:subfield code="a">5051890079763</marc:subfield>
   </marc:datafield>
</marc:record>
